[Event "Candidates Tournament"]
[Site "London"]
[Date "2013.03.24"]
[Round "8"]
[White "Radjabov, Teimour"]
[Black "Gelfand, Boris"]
[Result "0-1"]
[WhiteElo "2793"]
[BlackElo "2740"]
[Annotator "Marin,M"]
[PlyCount "64"]
[EventDate "2013.03.15"]
[EventType "tourn"]
[EventRounds "14"]
[EventCountry "ENG"]
[EventCategory "22"]
[SourceTitle "CBM 154"]
[Source "ChessBase"]
[SourceDate "2013.05.15"]
[SourceVersion "1"]
[SourceVersionDate "2013.05.15"]
[SourceQuality "1"]

1. Nf3 c5 2. c4 Nc6 3. d4 cxd4 4. Nxd4 Nf6 5. Nc3 e6 6. g3 Qb6 7. Nb3 Ne5 8. e4
Bb4 9. Qe2 d6 {White has systematically failed to impose his point of view in
this line. This game is no exception. One important thing Black needs to know
is that the exchange on c3 is premature when the white bishop is on c1.} 10. f4
(10. Bd2 a5 11. f4 Nc6 12. Be3 Qc7 13. Bg2 e5 (13... a4 14. Nd2 Bxc3 15. bxc3
b6 16. Rb1 Nd7 17. Qf2 Rb8 18. O-O O-O 19. g4 {Morozevich,A (2748)-Leko,P 
(2732)/Tashkent 2012/CBM 152/[Ftacnik,L] (1-0, 42)}) 14. O-O Bxc3 15. bxc3 a4
16. Nd2 Ng4 {Fridman,D (2667)-Anand,V (2780)/Baden-Baden 2013/CBM 153/[Stohl,I]
(1/2, 58)}) 10... Nc6 (10... Bxc3+ $2 11. bxc3 Nc6 12. Ba3 $1 Na5 13. Nxa5 Qxa5
14. Bb4 Qa4 15. Bg2 $16 {Romanishin,O (2513)-Borosova,Z (2307)/Presov 2010/CBM
136 Extra (1-0, 26)}) 11. Be3 (11. Bg2 e5 $1 {does not change the situation
essentially.} 12. Bd2 (12. Be3 Nd4 $1 $17) 12... O-O (12... a5 13. Nd5 Nxd5 14.
exd5 a4 15. dxc6 axb3 16. a3 Bxd2+ 17. Qxd2 O-O 18. cxb7 Bxb7 19. Bxb7 Qxb7 20.
O-O $13 {Nezar,M (2399)-Tregubov,P (2647)/Nancy 2009/CBM 129 (1-0, 48)}) 13.
Nb5 (13. f5 Bd7 14. Qd3 Nd4 15. Rd1 Bc6 16. Rf1 Nxb3 17. axb3 Nd7 18. Qc2 f6
19. Ke2 Nc5 $15 {Karpov,A (2750)-Gulko,B (2610)/Linares 1989/CBM 011 (1/2, 24)}
) 13... exf4 14. gxf4 Re8 15. Bxb4 Nxb4 {/\ ...Bg4, ...Rxe4-+ Portisch,L (2610)
-Sax,G (2610)/Brussels 1988/CBM 007 (1-0, 42)}) 11... Bxc3+ {Now is a good
moment for this exchange.} ({However,} 11... Qc7 {seems to be OK, too.} 12. Bd2
{(+/= Portisch - practice has proved this evaluation to be too optimistic.)}
O-O 13. Bg2 a5 (13... e5 14. O-O Be6 15. Nd5 Bxd5 16. exd5 Nd4 17. Nxd4 Bc5 18.
fxe5 Bxd4+ 19. Kh1 Bxe5 {Cifuentes Parada,R (2500)-Riemersma,L (2440)/
Netherlands 1994/EXT 98 (1/2, 46); with perfect play for Black.}) 14. O-O (14.
a3 Bxc3 15. Bxc3 e5 16. f5 Bd7 17. Qe3 a4 18. Nd2 Na5 $15 {Swoboda,E (2200)
-Danner,G (2335)/Austria 1979/EXT 98 (0-1, 40)}) 14... Bxc3 15. Bxc3 e5 16. Kh1
b6 17. Nd2 a4 18. b4 axb3 19. axb3 {1/2 Drasko,M (2505)-Ivanovic,B (2530)/
Yugoslavia 1989/CBM 013}) 12. bxc3 Qc7 13. Bg2 e5 $1 {Quite wisely, Gelfand
decids to take over the control on the dark squares without wasting time with
castling.} ({The main move is} 13... O-O {, but this offers White some chances
for the initiative, although Black seems to be fine here, too:} 14. c5 (14. O-O
b6 15. Nd4 Nxd4 16. cxd4 Ba6 17. Rac1 Rac8 18. e5 Nd5 $1 {Carlsen,M (2675)
-Volokitin,A (2662)/Biel 2006/CBM 114/[Marin,M] (32, 0-1)}) 14... dxc5 15. Bxc5
Rd8 16. e5 Na5 17. Bb4 Nxb3 18. axb3 Nd5 19. Qc4 Qxc4 (19... Qd7 20. Qd4 Nxb4
21. Qxd7 Bxd7 22. cxb4 Bb5 23. Bxb7 Rab8 24. Ba6 {1/2 Kramnik,V (2790)-Salov,V
(2680)/Wijk aan Zee 1998/CBM 063/[Ribli]}) 20. bxc4 Ne3 (20... Nxb4 21. cxb4
Rd4 22. Rd1 Rxd1+ 23. Kxd1 $14) 21. Be4 (21. Kf2 $11) 21... Nxc4 (21... Bd7 22.
Kf2 Nxc4 23. Bxb7 Rab8 24. Rxa7 Bc8 25. Bf3 Rd2+ 26. Be2 Bb7 27. Rha1 Be4 28.
Ke1 $18 {Smirnov,P (2631)-Tomashevsky,E (2641)/Sochi 2007/CBM 118 (1-0, 35)})
22. O-O Ne3 (22... a5 $1 $15 23. Rfd1 Rxd1+ 24. Rxd1 f5 $1 {[%csl Gb4,Ge4]})
23. Rfc1 Nd5 24. Bc5 b5 25. Bxa7 Bb7 26. Bg2 h6 27. Bd4 Rxa1 28. Rxa1 Ra8 29.
Rb1 Bc6 $11 30. Bf1 Ra3 31. Bxb5 {1/2 Morovic Fernandez,I (2535)-Izeta
Txabarri,F (2380)/Ponferrada 1991/EXT 99}) ({The move order starting with} 
13... b6 $6 {is wrong:} 14. e5 dxe5 15. fxe5 Nd7 16. Nd4 $36 {[%cal Gd4b5,
Gb5d6]}) 14. c5 {Practically forced; otherwise the c4-pawn would be too weak
to deal with after ...b6.} (14. f5 b6 15. g4 Ba6 16. g5 Nd7 17. O-O Na5 $5 18.
Nxa5 bxa5 19. Rfd1 Nb6 20. Bxb6 axb6 21. Rab1 Bxc4 22. Qf2 b5 23. f6 g6 24. Rb2
Rd8 25. Rbd2 h6 $17 {Wells,P (2520)-Emms,J (2502)/Southend 2008/CBM 123 Extra 
(1-0, 41)}) (14. O-O b6 15. a4 Ba6 {Suetin,A (2430)-Kindermann,S (2585)/Bern
1995/EXT 2000 (1-0, 41)}) 14... b6 $5 $146 {The most logical complement to the
previous move.} (14... Bg4 15. cxd6 (15. Qb5 a6 16. Qb6 Qxb6 17. cxb6 Be6 18.
O-O-O Ke7 {Ftacnik,L (2568)-Kovacevic,A (2582)/Khanty Mansiysk 2010/CBM 139 (1/
2, 28)}) 15... Qxd6 16. Qb5 a6 17. Qc4 (17. Qxb7 Qd3 18. Qxc6+ Nd7 19. Qxa8+
Ke7 20. Bc5+ Nxc5 21. Qa7+ Ke8 22. Qb8+ Ke7 $11 {Korchnoi,V}) 17... Be6 18. Qe2
b5 $13 {Morovic Fernandez,I (2535)-Kortschnoj,V (2640)/Vina del Mar (m/2) 1988/
[Portisch,L] (0-1, 36)}) 15. cxd6 Qxd6 16. O-O O-O 17. f5 {Too straightforward.
} ({It would have been a good idea to force the queen to make up her mind
before deciding the kingside configuration.} 17. Rfd1 Qc7 (17... Qa3 $6 {
does not work now:} 18. Qb5 Bb7 19. Bc5 $1) 18. f5 $13) 17... Rd8 18. Rfd1 Qa3
$1 {Putting very unpleasant pressure on the white queenside. In some cases,
the simple ...Ba6-c4 would win material.} 19. Rxd8+ (19. Qb5 Bb7 20. Bc5 $2 {
does not work now because of} Rxd1+ 21. Rxd1 Qxa2 $19) 19... Nxd8 20. Bg5 ({
The attack based on the massiev pawn advance seems to be too slow:} 20. g4 Ba6
21. Qf3 Nb7 22. g5 Ne8 23. f6 g6 24. h4 Rd8 25. h5 Bc4 26. hxg6 hxg6 {White is
far from creating decisive threats yet, while his queenside problems are
chronic.}) 20... Ba6 21. Qd2 Qe7 22. Rd1 ({Objectively,} 22. Bf1 $15 {may have
been better, since the g2-bishop is passive while its rival is killing.
However, this would be equivalent to stategic surrender, so we can understant
White's reluctance to play it.}) 22... Nb7 23. Bf3 Rd8 24. Qc1 Rxd1+ 25. Bxd1
Nd6 26. Bxf6 gxf6 27. Qe3 Qc7 $17 {White's attack has come to an end before
even starting seriously, while his weaknesses are hard to defend.} 28. a4 $6 {
Creating even more weaknesses.} Qd7 29. a5 Nxe4 30. Bc2 Qb5 31. Qf3 Ng5 32. Qg2
bxa5 0-1

[Event "Candidates Tournament"]
[Site "London"]
[Date "2013.03.25"]
[Round "9"]
[White "Gelfand, Boris"]
[Black "Aronian, Levon"]
[Result "1-0"]
[WhiteElo "2740"]
[BlackElo "2809"]
[PlyCount "119"]
[EventDate "2013.03.15"]
[EventType "tourn"]
[EventRounds "14"]
[EventCountry "ENG"]
[EventCategory "22"]
[SourceTitle "CBM 154"]
[Source "ChessBase"]
[SourceDate "2013.05.15"]
[SourceVersion "1"]
[SourceVersionDate "2013.05.15"]
[SourceQuality "1"]

1. d4 Nf6 2. c4 e6 3. Nf3 d5 4. Nc3 Be7 5. Bf4 O-O 6. e3 Nbd7 7. Be2 c6 8. O-O
Nh5 9. Be5 f6 10. Bg3 f5 11. Be5 Nhf6 12. h3 Nxe5 13. Nxe5 Nd7 14. f4 Nxe5 15.
fxe5 Bg5 16. Qd2 Bd7 17. Rac1 Rc8 18. a3 Kh8 19. b4 Be8 20. Bd3 Rc7 21. Ne2 Bh5
22. Nf4 Bxf4 23. exf4 Rd7 24. Qe3 dxc4 25. Bxc4 Rxd4 $2 (25... Re8 $13) 26.
Bxe6 Bf7 $2 27. Bxf5 Bc4 28. e6 $1 Qd6 29. Rfe1 Re8 30. e7 Bf7 31. Rc5 g6 32.
Bg4 h5 33. f5 Kg7 34. fxg6 Bxg6 35. Bxh5 Rd3 36. Qe5+ Qxe5 37. Rcxe5 Bxh5 38.
Rxh5 Rxa3 39. Rf5 Rd3 40. Re4 Rd7 41. Rg4+ Kh6 42. Rf6+ Kh7 43. Rf7+ Kh6 44.
Rgg7 Rd1+ 45. Kh2 Rf1 46. Rh7+ Kg6 47. Rhg7+ Kh6 48. Rh7+ Kg6 49. Rfg7+ Kf6 50.
h4 Ke6 51. Rg4 Kf5 52. Kg3 Re1 53. Rf4+ Ke6 54. h5 Rxe7 55. Rxe7+ Kxe7 56. Kh4
b6 57. h6 Rh1+ 58. Kg5 Ke6 59. Kg6 Ke5 60. Rf5+ 1-0

[Event "Candidates Tournament"]
[Site "London"]
[Date "2013.03.25"]
[Round "9"]
[White "Ivanchuk, Vassily"]
[Black "Radjabov, Teimour"]
[Result "1-0"]
[WhiteElo "2757"]
[BlackElo "2793"]
[Annotator "Krasenkow,M"]
[PlyCount "151"]
[EventDate "2013.03.15"]
[EventType "tourn"]
[EventRounds "14"]
[EventCountry "ENG"]
[EventCategory "22"]
[SourceTitle "CBM 154"]
[Source "ChessBase"]
[SourceDate "2013.05.15"]
[SourceVersion "1"]
[SourceVersionDate "2013.05.15"]
[SourceQuality "1"]

1. d4 Nf6 2. c4 e6 3. Nf3 d5 4. Nc3 Be7 5. Bg5 h6 6. Bh4 Ne4 {This order of
moves is slightly inaccurate.} (6... O-O 7. e3 Ne4 8. Bxe7 $140 Qxe7 9. cxd5
Nxc3 10. bxc3 exd5 11. Qb3 Rd8) 7. Bxe7 Qxe7 8. cxd5 Nxc3 9. bxc3 exd5 10. Qb3
c6 (10... Qd6 11. e3 O-O (11... Nc6 12. Bd3 O-O 13. O-O Ne7 14. c4 dxc4 15.
Bxc4 Ng6 16. Rfc1 c6 17. Bd3 Rb8 18. Qa4 a6 19. Rab1 b5 20. Qc2 Bb7 21. Nd2 Ne7
22. Qc5 $16 {1-0 (63) Najdorf,M-Thomas,G Buenos Aires 1939}) 12. c4 dxc4 13.
Bxc4 Nc6 (13... Nd7 14. O-O c5 15. Rfd1 $14) 14. Qc3 Bg4 15. Nd2 Rad8 16. O-O
Ne7 17. Rfc1 c5 {0-1 (38) Grau,R-Eliskases,E Buenos Aires 1939} 18. Ne4 cxd4
19. Nxd6 dxc3 20. Nxb7 Rd7 21. Nc5 Rc7 22. Rxc3 Rxc5 23. Bxf7+ Kxf7 24. Rxc5
$14) 11. e3 O-O {We've got a position from the main line of the Lasker System 
(see annotation to move 6), with 11...c6 instead of the more accurate 11...Rd8.
} 12. Be2 {White decides not to hurry up with c3-c4.} (12. c4 Be6 13. Rb1 Nd7
14. Bd3 dxc4 15. Bxc4 Bxc4 16. Qxc4 Nb6 17. Qb4 Qxb4+ 18. Rxb4 Rfc8 19. Ke2 c5
20. dxc5 Rxc5 {1/2 (20) Portisch,F (2425)-Lengyel,L (2415) Budapest 1977}) (12.
Bd3 Be6 13. O-O c5 $1 14. Qa3 Nd7 15. Rfe1 Qd8 16. Rad1 Qc7 17. Bb5 Nf6 $11 {
1/2 (22) Bilek,I-Flesch,J Miskolc 1963}) 12... Nd7 (12... Be6 13. O-O c5 14.
Ne5 $5) 13. O-O Nf6 14. Rfc1 (14. a4 Ne4 15. Rfc1 Re8 (15... Bg4 $5) 16. c4
dxc4 17. Bxc4 Nd6 18. Bf1 Be6 19. Qb4 Rac8 20. a5 Ne4 21. Rab1 Rc7 22. Rb2 Qxb4
23. Rxb4 c5 $11 {1/2 (36) Furman,S-Liberzon,V Moscow 1969}) 14... Bg4 15. c4
dxc4 16. Qxc4 {If Black doesn't manage to push ...c6-c5 in this structure,
White will keep a slight edge.} Rfe8 {[%mdl 32]} (16... Rac8 $5 {looks more
logical. Then ...c6-c5 will be a realistic eventuality.}) 17. h3 Be6 18. Qc5
Qc7 (18... Bd5 $5 {I am not sure Black should avoid the queen exchange.}) 19.
Rc2 Bd5 20. Rac1 Qd8 21. Qa3 Ne4 22. Ne5 Nd6 23. Bf3 Bxf3 24. Nxf3 Qd7 25. Qb4
Rad8 26. a4 Qe6 27. Ne5 f6 28. Nd3 Qf7 29. Qa5 a6 30. Nc5 Rc8 31. Qb4 Rcd8 32.
Qb6 Rc8 33. Rb1 Re7 34. Nd3 Rce8 35. Qb3 Qxb3 36. Rxb3 {After a lot of
manoeuvring, White has managed to weaken Black's queenside (forcing ...a7-a6)
and, only after that, exchange queens. Of course, it is an important
difference.} Kf7 37. g4 g5 38. Nc5 Rc8 39. Kg2 Rcc7 40. Nd3 Kg6 41. Nc5 h5 $1 {
That's right. Black should seize the initiative on the kingside to avoid a
"second weakness" there.} 42. Rb1 Ne4 $6 {The exchange of knights deprives
Black of counterplay.} (42... hxg4 43. hxg4 Rh7 $1 {[%cal Yh7h4,Yc7h7] was the
correct plan.} 44. Ne6 {is harmless due to} Rc8) 43. Nxe4 Rxe4 {[%mdl 4096]}
44. Kf3 Ree7 45. e4 Rcd7 46. Ke3 Rd5 47. f3 Rd6 48. Rb6 Red7 49. Rd2 hxg4 {
The h-file will be exploited by White but otherwise he would have another good
plan: d4-d5.} 50. hxg4 Kf7 51. a5 Ke7 52. Rb1 Kf7 $6 (52... Kd8 $142) 53. Rh1
Kg7 54. Rh5 Rd8 (54... Kg6 55. Rd1 $22 (55. Rdh2 $2 {is premature due to} Rxd4)
55... Rd8 (55... Kf7 56. Rh7+ Ke6 57. Rxd7 Rxd7 58. Rh1 $16) 56. Rdh1 Kf7 (
56... Rxd4 $2 57. Rh7) 57. Rh7+ Ke6 58. Rd1 {, and Black must exchange rooks,
after which White has easy play:} R6d7 59. Rxd7 Kxd7 60. Rh1 {etc.}) 55. Rd1 (
55. e5 {was already possible:} Rd5 56. Rb2 $5 (56. Rdh2 Kf7 57. Rh7+ Ke6 58.
R2h6 Rxd4 59. Rxf6+ Kxe5 60. Rf5+ Ke6 61. Rxg5 {is probably also good}) 56...
Rb5 (56... Rxd4 57. Rxb7+ R4d7 58. Rxd7+ Rxd7 59. exf6+ Kg6 60. f4 $1 gxf4+ 61.
Kxf4 Kxf6 (61... Rd4+ 62. Ke5 Rxg4 63. Rh8 Kf7 64. Rh7+ Kf8 65. Ra7) 62. Rh6+
Kg7 63. Rxc6 {, and White should win}) 57. Rbh2 Kf7 58. Rh7+ Ke6 59. R2h6 Rf8
60. f4 $1 gxf4+ 61. Ke4 $1 $18 {[%cal Rg4g5]}) 55... R8d7 $6 (55... R6d7 $1 {
was more stubborn. Then White should probably continue} 56. Rdh1 Rxd4 57. Rh7+
Kg8 58. Rh8+ Kf7 59. R1h7+ Ke6 60. Rxd8 Rxd8 61. Rxb7 Rd1 62. Rb6 {keeping
winning chances.}) 56. e5 $1 Rd5 57. Rdh1 Kf7 58. Rh7+ Ke6 59. Rxd7 {White has
managed to trade the pair of rooks in the best possible way. Now he wins the
f6-pawn and the game.} Kxd7 60. Rh7+ Ke6 61. Rh6 c5 62. Rxf6+ Ke7 63. Rb6 Rxd4
(63... cxd4+ 64. Ke4 Rxa5 (64... Rd7 65. e6 Rd6 (65... Rc7 66. Kxd4 Kf6 67. Kd5
Ke7 68. Rb4 $18) 66. Rxb7+ Kxe6 67. Rb6 $1 Rxb6 68. axb6 Kd6 69. b7 Kc7 70. f4
$18) 65. Rxb7+ Ke6 66. Rb6+ Ke7 67. Kxd4 Ra4+ 68. Kd5 Ra3 69. Ke4 a5 70. Rg6
$18) 64. Rxb7+ Ke6 65. Rg7 Ra4 66. Rxg5 Rxa5 67. f4 Ra3+ 68. Kd2 Ra2+ 69. Kc3
Rf2 70. Rg6+ Kd5 71. Rd6+ Ke4 72. Rf6 a5 73. e6 Kd5 74. f5 Re2 75. Rf8 Kd6 76.
f6 1-0

[Event "Candidates Tournament"]
[Site "London"]
[Date "2013.03.25"]
[Round "9"]
[White "Kramnik, Vladimir"]
[Black "Carlsen, Magnus"]
[Result "1/2-1/2"]
[WhiteElo "2810"]
[BlackElo "2872"]
[PlyCount "82"]
[EventDate "2013.03.15"]
[EventType "tourn"]
[EventRounds "14"]
[EventCountry "ENG"]
[EventCategory "22"]
[SourceTitle "CBM 154"]
[Source "ChessBase"]
[SourceDate "2013.05.15"]
[SourceVersion "1"]
[SourceVersionDate "2013.05.15"]
[SourceQuality "1"]

1. d4 Nf6 2. c4 e6 3. g3 d5 4. Bg2 Be7 5. Nf3 O-O 6. O-O dxc4 7. Ne5 Nc6 8.
Bxc6 bxc6 9. Nxc6 Qe8 10. Nxe7+ Qxe7 11. Qc2 e5 12. Rd1 Rb8 13. Nc3 h6 14. dxe5
Qxe5 15. Bf4 Qe7 16. Rd4 Be6 17. Rad1 Rb6 18. Qd2 Kh7 19. f3 Rfb8 20. Qe3 Rxb2
21. Rxc4 R2b7 22. Ra4 Re8 23. Rxa7 Rxa7 24. Qxa7 Qb4 25. Be5 $2 (25. Qd4 $14)
25... Nd5 26. Nxd5 Bxd5 27. Qxc7 Qc4 28. a3 f6 29. Qxc4 Bxc4 30. Bc3 Rxe2 31.
Rd4 Bb5 32. Bb4 Re3 33. Kf2 Re2+ 34. Kg1 Re3 35. f4 Re2 36. Rd6 Rc2 37. g4 Bc6
38. Bd2 Bf3 39. h3 Ra2 40. Bb4 Rg2+ 41. Kf1 Rh2 1/2-1/2

[Event "Candidates Tournament"]
[Site "London"]
[Date "2013.03.25"]
[Round "9"]
[White "Svidler, Peter"]
[Black "Grischuk, Alexander"]
[Result "1/2-1/2"]
[WhiteElo "2747"]
[BlackElo "2764"]
[Annotator "Postny,E"]
[PlyCount "82"]
[EventDate "2013.03.15"]
[EventType "tourn"]
[EventRounds "14"]
[EventCountry "ENG"]
[EventCategory "22"]
[SourceTitle "CBM 154"]
[Source "ChessBase"]
[SourceDate "2013.05.15"]
[SourceVersion "1"]
[SourceVersionDate "2013.05.15"]
[SourceQuality "1"]

1. d4 Nf6 2. c4 g6 3. Nc3 Bg7 4. e4 d6 5. f3 O-O 6. Be3 c5 7. Nge2 Nc6 8. d5
Ne5 9. Ng3 h5 10. Be2 h4 11. Nf1 e6 12. f4 Nxc4 $5 (12... h3 $5 13. gxh3 Nxc4
14. Bxc4 b5 15. Bxb5 exd5 16. exd5 $6 ({I think that White should seek a way
to coordinate his forces at the cost of giving away a part of his material
advantage.} 16. Bc6 $1 Rb8 17. Bxd5 Rxb2 18. Rb1 Nxd5 19. Nxd5 Rxa2 20. f5 $1
Ba6 (20... Qh4+ $2 21. Ng3 Qxh3 22. Qb3 Rxh2 23. Ne7+ Kh8 24. Rxh2 Qxh2 25. Bf2
$18) 21. Rg1 Qh4+ 22. Ng3 Bc4 $1 23. Rc1 Re2+ 24. Qxe2 Bxe2 25. Kxe2 $14 {
White's rook plus two knights should be superior to Black's queen with a
couple of pawns, but the position needs practical testing.}) 16... Rb8 17. Qe2
Bxh3 18. Rg1 Bg4 19. Qc2 Bf5 20. Qa4 a6 $1 21. Qxa6 Ng4 22. Qa4 Qh4+ 23. Kd2 $2
(23. Rg3 $8 Nxh2 $36) 23... Nxe3 24. Nxe3 Qf2+ 25. Ne2 Rfe8 26. Rg3 Bd7 $1 $19
{0-1 (32) Sriram,J (2410)-Adhiban,B (2551) Aurangabad 2011}) 13. Bxc4 b5 $1 14.
Bxb5 exd5 15. e5 (15. exd5 h3 (15... Rb8 16. Qd2 Ng4 17. a4 a6) 16. gxh3 {
transposing to the above mentioned game Sriram-Adhiban.}) (15. Bc6 $2 d4 16.
Bxa8 Bg4 {This is the difference between this line and when the moves h3-gxh3
included and the square is covered.}) 15... dxe5 16. fxe5 (16. Bxc5 $2 d4 17.
Bxf8 Bxf8 18. fxe5 Qb6 19. exf6 dxc3 {Black is a full rook down, but can be
optimistic about his attacking chances.}) 16... Bg4 {The position is
completely wild and can be analysed for days.} (16... d4 17. Bg5 Bg4 (17... h3
18. Ne3 $1 hxg2 19. Nxg2 dxc3 20. Qxd8 Rxd8 21. exf6 cxb2 22. Rb1 $16) (17...
Rb8 18. exf6 Bxf6 19. Bxf6 Qxf6 20. Ne4 Qe7 21. Qe2 Rxb5 22. Qxb5 Qxe4+ 23. Qe2
Qc6 24. O-O-O $16) 18. Bxf6 (18. Qxg4 $6 Nxg4 19. Bxd8 dxc3 20. Be7 Rfe8 $1 21.
Bxe8 Rxe8 22. Bxh4 cxb2 23. Rb1 Nxe5 $44) 18... Bxf6 19. Qxg4 dxc3 20. exf6
cxb2 21. Rb1 Qa5+ 22. Kf2 Qxb5 23. Ne3 $16) 17. exf6 $1 {The best decision, at
least from a practical point of view.} (17. Be2 $6 Bxe2 18. Qxe2 Nd7 $1 19.
Nxd5 Nxe5 20. O-O-O c4 21. Nf4 Qf6 22. Kb1 Rab8 23. Bc1 Rb7 $36 {[%cal Gf8b8]})
(17. Qa4 d4 18. exf6 Bxf6 19. Ne4 h3 $1 $13) 17... Bxd1 18. fxg7 Kxg7 19. Bxc5
h3 $1 20. Rxd1 hxg2 21. Rg1 gxf1=Q+ 22. Kxf1 {The material is now balanced,
but Black's attacking potential has decreased significantly.} Qh4 23. Rg2 Rfd8
24. Rd4 $6 (24. Bd4+ Kg8 25. Kg1 {I think White is better, his pieces are well
coordinated. In general three minor pieces should overcome a queen, even
though here Black has an extra pawn.}) 24... Qh5 25. Rf4 d4 $1 26. Bxd4+ Rxd4
27. Rxd4 Rb8 28. a4 a6 29. Bxa6 $2 Qf3+ $2 (29... Qe5 $1 {[%csl Ra6,Rd4,Rf1]
[%cal Ge5d4,Ge5f6,Gf6a6,Gf6f1]}) 30. Rf2 Qh1+ 31. Ke2 Rxb2+ 32. Rd2 Qc1 33. Kd3
Rb6 34. Bc4 Rd6+ 35. Bd5 Rd7 36. Rf4 f5 37. Rd4 Kh6 38. h4 Rc7 39. Bc4 Qf1+ 40.
Re2 f4 41. Kc2 f3 1/2-1/2